Music Quiz

Random Music or Lyrics Quiz

Christmas Songs by Rhyming Lyrics Quiz Stats

 Plays Quiz Updated Dec 25, 2018

Support Sporcle.
Go Orange.
Score 0/20 Timer 05:00
4 Plays Today
% Correct
Rudolph, The Red-Nosed Reindeer
90.5%
Santa Claus Is Coming to Town
90.5%
The Little Drummer Boy
87.8%
Let It Snow
87%
Jingle Bells
85.1%
All I Want for Christmas is You
83.7%
Frosty the Snowman
83.2%
Silent Night
81.8%
Rockin' Around The Christmas Tree
79.3%
It's the Most Wonderful Time of the Year
79.3%
% Correct
White Christmas
77.9%
O Holy Night
76.9%
Santa Baby
73.6%
O Christmas Tree
72.9%
Grandma Got Run over by a Reindeer
72.1%
Have Yourself A Merry Little Christmas
71.8%
I'll Be Home for Christmas
68.2%
The Christmas Song
64.3%
Sleigh Ride
61.1%
Blue Christmas
57.6%

You're not logged in!

Compare scores with friends on all Sporcle quizzes.
OR
Log In
Forgot?

From the Vault

Guess Who's Calling?

by Hejman

History 5m
Whoever is calling, we hope it isn't one of those telemarketers.
Remove Ads.
Support Sporcle.
Get the best of Sporcle when you Go Orange. This ad-free experience offers more features, more stats, and more fun while also helping to support Sporcle. Thank you for becoming a member.

Show Comments

Extras

Top Quizzes Today


Score Distribution

Your Account Isn't Verified!

In order to create a playlist on Sporcle, you need to verify the email address you used during registration. Go to your Sporcle Settings to finish the process.

Report this User

Report this user for behavior that violates our Community Guidelines.

Details: